| 000 | 00372cam a2200145ua 4500 | ||
|---|---|---|---|
| 041 |
_aeng _h |
||
| 082 |
_a821 _bSCO/PO |
||
| 100 | _aScott, Walter . | ||
| 245 |
_aPoetical works of Sir Walter Scott / _cWalter Scott. _hTextual Documents |
||
| 260 |
_aLondon : _bOxford University Press , _c1964. |
||
| 300 | _a981 ; . | ||
| 504 | _a | ||
| 942 | _cBK | ||
| 999 |
_c5861 _d5861 |
||